Score 0/28 Timer 04:00
2 Plays Today
Clue 4-Letter Word % Correct
Meat from a pigPORK
95.4%
Red + whitePINK
95%
• With previous rung, other name of Olympic Table Tennis ••PONG•
94.5%
• 2016 Olympic Event: Water ___•POLO•
94.4%
• With next rung, other name of Olympic Table Tennis ••PING•
94.4%
Put your car into a spacePARK
94%
Worthless stuff to get rid ofJUNK
94%
Top medal at the OlympicsGOLD
93.3%
A genre of musicPUNK
93%
Wet with your tongueLICK
92.9%
U.S. President James K.POLK
92.3%
Part of a chainLINK
91.4%
Type of jump in the decathlonLONG
90.9%
A small memento of hairLOCK
89.1%
Clue 4-Letter Word % Correct
Level in the militaryRANK
88.7%
Went down, like a shipSANK
88.7%
British clipper ship: Cutty ___SARK
87.4%
An edible codLING
84.5%
A facial blemish from a diseasePOCK
82.8%
Hera's Roman equivalentJUNO
81.7%
Not much, in SpanishPOCO
81.7%
• 2016 Olympic Event ••JUDO•
73.9%
Currency of South AfricaRAND
73.6%
Urge or spur into actionGOAD
73%
• 2016 Cycling Discipline ••ROAD•
71.2%
PeruseREAD
69.1%
Tear into partsREND
66.7%
• 2016 Olympic Event ••GOLF•
63.4%

Today's Daily Dose

You're not logged in!

Compare scores with friends on all Sporcle quizzes.
OR
Log In

Sporcle TV

Today on Sporcle TV


Watch our educational content, quiz creation guides, and fun videos on Sporcle TV.

Show Comments

Extras

Top Quizzes Today


Score Distribution

Your Account Isn't Verified!

In order to create a playlist on Sporcle, you need to verify the email address you used during registration. Go to your Sporcle Settings to finish the process.

Report this User

Report this user for behavior that violates our Community Guidelines.

Details: